Sukses dalam spm : ekonomi Asas tingkatan 4 & 5

Bibliographic Details
Main Author: Ishak Shari
Format: Book
Published: K.L : Federal Publications , 1994
Subjects:

MARC

LEADER 00000cam a2200000 7i4500
001 0000006073
002 000006563
005 20000330.0
020 |a 9679146170 
090 0 0 |a 330   |b ISH 
100 0 |a Ishak Shari   |f Dr 
245 1 0 |a Sukses dalam spm :   |b ekonomi Asas tingkatan 4 & 5   |c Dr.Ishak Shari dan Wong Siew Kong 
260 |a K.L :   |b Federal Publications ,   |c 1994 
300 |a 276p. ;   |c 25cm. 
650 0 0 |a Economics   |x SPM 
999 |a 038192   |b BUKU   |c RUJUKAN   |e PERPUSTAKAAN KOMUNITI PETALING JAYA